| 000 | 00567cam a22002291 4500 | ||
|---|---|---|---|
| 001 | sa 65001922 | ||
| 003 | DLC | ||
| 005 | 20260227112112.0 | ||
| 008 | 940926m19629999ii 000 0 orio | ||
| 010 | _asa 65001922 | ||
| 025 | _aPL480:I-O-309 | ||
| 035 | _a(OCoLC)31181280 | ||
| 040 |
_aDLC _cCU _dCU _dDLC |
||
| 042 | _apremarc | ||
| 050 | 0 | 0 |
_aPK2571 _b.M28 |
| 100 | 1 | _aMahanti, Debendra. | |
| 245 | 1 | 0 | _aPrācīna Oḍiā sāhitya. |
| 260 | _c[1962- | ||
| 300 |
_av. _c18 cm. |
||
| 500 | _aIn Oriya. | ||
| 650 | 0 |
_aOriya literature _xHistory and criticism. |
|
| 999 |
_c62307 _d62307 |
||